Manohar Malgonkar's Novels : (Record no. 195371)

MARC details
000 -LEADER
fixed length control field 00557nam a22001817a 4500
005 - DATE AND TIME OF LATEST TRANSACTION
control field 20230323153226.0
010 ## - LCCN (DPL NO)
LC control number ENG-136480
020 ## - INTERNATIONAL STANDARD BOOK NUMBER
International Standard Book Number 9788188571789
Terms of availability 400.00
035 ## - SYSTEM CONTROL NUMBER
System control number EN-120012
037 ## - SOURCE OF ACQUISITION
Source of stock number/acquisition DBAD/PUB
082 ## - DEWEY DECIMAL CLASSIFICATION NUMBER
Classification number N
100 ## - MAIN ENTRY--PERSONAL NAME
Personal name Joshi,P.M
245 ## - TITLE STATEMENT
Title Manohar Malgonkar's Novels :
Statement of responsibility, etc By P.M Joshi
Remainder of title A New Prospective /
260 ## - PUBLICATION, DISTRIBUTION, ETC. (IMPRINT)
Name of publisher, distributor, etc Chintan Prakashan
Place of publication, distribution, etc Kanpur
Date of publication, distribution, etc 2014
270 ## - ADDRESS
City Kanpur
Postal code 208021
Address 3A/119, Avas Vikas, Hanspuram
Telephone number 05122626265
-- 9450151379
Electronic mail address chintanprakashan@gmail.com
300 ## - PHYSICAL DESCRIPTION
Extent 111p.
Dimensions 22cm(hbk)
942 ## - ADDED ENTRY ELEMENTS (KOHA)
Source of classification or shelving scheme Dewey Decimal Classification
Item type English Books
Classification part N
Call number suffix PMJ
Holdings
Withdrawn status Lost status Not for loan Collection code Home library Current library Date acquired Source of acquisition Cost, normal purchase price Full call number Barcode Copy number Koha item type
      Non-fiction Shahdara Branch Shahdara Branch 23/03/2023 DBAD/PUB 400.00 N PMJ EN-120012 1 English Books

© Delhi Public Library
Hit Counter
free hit counter